| 000 | 00000nam##2200000za#4500 |
| 001 | 9.648434 |
| 003 | CaOODSP |
| 005 | 20210615113106 |
| 007 | ta |
| 008 | 150407|2002||||xxc||||| f|0| 0 eng|d |
| 020 | |a0-662-31522-7 |
| 040 | |aCaOODSP|beng |
| 043 | |an-cn--- |
| 086 | 1 |aH72-21/184-2002E |
| 110 | 1 |aCanada. |bHealth Canada. |
| 245 | 10|aSwallowing the hurt : |bexploring the links between anorexia, bulimia and violence against women and girls / |cPrepared by Shelley Moore. |
| 260 | |aOttawa - Ontario : |bHealth Canada |c2001, c2002. |
| 300 | |aii, 95p. : |bgraph, references, table ; |c28 cm. |
| 520 | 3 |aThis report examines the relationship between the experiences of violence and the development of eating disorders in women and girls. It presents prevalence rates, identifies and describes the links, and provides guidelines for the treatment of violence and eating disorders. The report is based on a review of literature and consultations with community workers, health practitioners and mental health professionals. |
| 563 | |aSoftcover |
| 590 | |a08-08|b2008-02-22 |
| 690 | 07|aBehaviour|2gcpds |
| 690 | 07|aNutrition|2gcpds |
| 690 | 07|aSocial problems|2gcpds |
| 690 | 07|aViolence against children|2gcpds |
| 690 | 07|aViolence against women|2gcpds |
| 710 | 2 |aFREDA Centre for Research on Violence against Woment and Children. |
| 720 | 1 |aMoore, Shelley |
| 775 | 08|tRavaler sa douleur : |w(CaOODSP)9.681718 |
| 776 | 0#|tSwallowing the hurt : |w(CaOODSP)9.688715 |